[Event "Gashimov Memorial 2nd"]
[Site "Shamkir"]
[Date "2015.04.20"]
[Round "4"]
[White "Kramnik, Vladimir"]
[Black "Anand, Viswanathan"]
[Result "1/2-1/2"]
[WhiteElo "2783"]
[BlackElo "2791"]
[Annotator "Sumets,A"]
[PlyCount "75"]
[EventDate "2015.04.17"]
[EventType "tourn"]
[EventRounds "9"]
[EventCountry "AZE"]
[EventCategory "21"]
[SourceTitle "CBM 166"]
[Source "ChessBase"]
[SourceDate "2015.05.11"]
[SourceVersion "1"]
[SourceVersionDate "2015.05.11"]
[SourceQuality "1"]

1. d4 d5 2. c4 c6 3. Nf3 Nf6 4. Nc3 e6 5. g3 dxc4 6. Bg2 Nbd7 7. O-O ({Another
option was} 7. a4 Bb4 (7... Be7 8. O-O O-O 9. e4 e5 10. dxe5 Ng4 11. Bf4 Qa5
12. e6 {leads to a draw} fxe6 13. e5 Ndxe5 14. Nxe5 Nxe5 15. Qh5 Bd6 16. Ne4
Rf5 17. Qe8+ Rf8 18. Qh5 Rf5 19. Qe8+ {1/2-1/2 (19) Topalov,V (2702)-Kasparov,
G (2851) Sarajevo 2000}) 8. O-O O-O 9. Qc2 Qe7 10. a5 e5 11. Rd1 a6 12. d5 Nc5
(12... Rb8 $5 13. Be3 cxd5 14. Nxd5 Nxd5 15. Rxd5 e4 16. Nd4 Nf6 17. Bg5 b5 18.
axb6 (18. Nc6 $6 Qb7 $17) 18... Rxb6 $11) 13. Bg5 Bxc3 14. bxc3 $6 ({White
could have got good compensation for the pawn after} 14. d6 $1 Qe6 15. Bxf6
Bxb2 16. Qxb2 Qxf6 17. Nxe5 Be6 $44) 14... Bg4 15. h3 Bxf3 16. Bxf3 e4 17. Bg2
Nb3 18. Ra4 cxd5 19. Rxd5 Qe6 $15 {Giri, A (2784)-Ivanchuk,V (2715) Wijk aan
Zee NED 2015 (102) 1/2-1/2 (102)}) 7... b5 8. e4 Bb7 9. e5 Nd5 10. Ng5 h6 11.
Nxe6 {An interesting knight sacrifice. In my opinion, Black has a reliable
position after 14...N5f6 or 14...N7f6 and he gets some problem if he plays 14..
.hxg5.} ({Black is OK after} 11. Qh5 g6 12. Qh3 Be7 13. Nge4 Qb6 14. Be3 Kf8
15. b3 cxb3 16. axb3 Kg7 17. Nxd5 cxd5 18. Nc3 Rad8 {Harikrishna,P (2727)
-Gelfand,B (2743) Beijing CHN 2014 0-1 (43); and White doesn't have enough
compensation for the pawn.}) 11... fxe6 12. Qh5+ Ke7 13. Ne4 {As we can see
from the following game, the line is rather drawish.} (13. Bg5+ hxg5 14. Qxh8
N7b6 15. Ne4 Kd7 16. Qg8 {Probably the position which has arisen is in Black's
favour.} Qe8 17. Qh7 Rd8 (17... Na4 $2 18. f4 Kc7 19. fxg5 Kb6 20. b3 (20. Rf3
$6 Qd7 $13 {Lesiege,A (2553)-Khenkin,I (2633) Koszalin 1999 1-0 (50)}) 20...
cxb3 21. axb3 Nac3 22. Nc5 Rd8 (22... Ne2+ $6 23. Kh1 Nxd4 $4 24. Rxf8 $18) 23.
Rf2 $40) 18. Nxg5 Kc7 19. Rae1 Kb8 $17 {Black's king is on the safe side and
Black is threatenning ...c5.}) 13... Qe8 14. Bg5+ N5f6 $146 {According to the
database this is a novelty. This line has been played only in correspondence
chess.} (14... N7f6 {leads to the same position that can arise after 14...N5f6.
}) (14... hxg5 $6 {after this move Black has good results but it is too risky.}
15. Qxh8 Kd8 (15... Qg6 $6 16. Nd6 Rb8 17. Be4 (17. f4 $2 Ne3 18. Be4 Qh6 $13 {
Bernasek,J (2530)-Bobras,P (2576) Brno 2008 0-1 (37)} 19. Qg8 $2 Ng4 $17) 17...
Qh6 18. Qg8 Qh5 $8 19. Bxd5 cxd5 20. f4 $16) 16. Qg8 $6 (16. Nxg5 $1 Qg6 (16...
Kc8 $5 {Black wants to protect the e6-pawn after ...Nc7} 17. a4 Nc7 18. Qh7 {
White's chances should be better.}) 17. f4 (17. h4 $5 {White doesn't need to
weaken his king}) 17... Kc7 18. Be4 $1 {White wins the e6-pawn in a better
version.} (18. Bh3 $2 {a terrible mistake} Kb6 $2 $13 {Olszewski,M (2539)
-Korobov,A (2660) Warsaw 2011 0-1 (44)} (18... Bc5 $1 $19 19. Qxg7 (19. Nxe6+
$5 Qxe6 20. dxc5 Rxh8 21. Bxe6 Nxc5 $19) 19... Bxd4+ 20. Kh1 Rg8 21. Qxg6 Rxg6
$19 {the c-pawn will cost White a fortune.})) 18... Qe8 19. Qh3 Rc8 20. a4 $16)
16... Qg6 17. Nc5 Kc7 18. Qxe6 Qe8 $1 19. Bxd5 $6 (19. Qxe8 Rxe8 20. Nxb7 Kxb7
21. a4 $15 {The position is complicated but Black's chances are higher.}) 19...
Nxc5 20. Qxe8 Rxe8 21. Bf7 Re7 $17 {0-1 (35) Lalith,B (2556)-Ding Liren (2755)
Hyderabad IND 2015}) 15. exf6+ gxf6 16. Bxf6+ ({White could have tried} 16.
Qxe8+ Rxe8 17. Bf4 Kf7 18. a4 a6 19. Nd2 $1 {but after} Ra8 20. axb5 axb5 21.
Rxa8 Bxa8 22. Ra1 Be7 23. Ra7 e5 $1 {it seems to me that Black is OK.}) 16...
Nxf6 17. Nxf6 Qxh5 ({Of course Black couldn't play.} 17... Kxf6 $4 18. Qe5+ Kf7
19. Qxh8 $18) 18. Nxh5 Kf7 {Black's bishop on b7 is not very active, but Vishy
Anand managed to make a draw.} 19. a4 a6 20. axb5 axb5 21. Rxa8 Bxa8 22. Ra1
Be7 23. Nf4 (23. Ra7 $5 b4 (23... Rb8 $5 24. Nf4 b4 25. Be4 Kf6 $11) 24. Nf4 c3
$2 25. bxc3 bxc3 26. Be4 Rb8 $2 27. Ng6 $6 (27. Kf1 Kf6 28. Ke2 Bb7 29. Kd3 $18
) 27... c5 28. Nxe7 (28. Ne5+ $2 {leads to an easy draw. White should have
played 28.Nxe7} Kf6 29. Rxa8 Rxa8 30. Bxa8 c2 31. Nd3 cxd4 32. Kf1 Ba3 33. Ke2
c1=N+ 34. Nxc1 Bxc1 35. Be4 {1/2-1/2 (35) Tomazini,A (2340)-Stefansson,H (2515)
Pardubice 2012}) 28... Kf6 $8 29. Bh7 cxd4 30. Ng8+ Rxg8 31. Bxg8 Be4 32. Ra1
d3 33. Kf1 Ke5 34. Ke1 Bf3 35. Ra2 $14 {White will get an extra pawn which
probably will not be enough to win the game.}) 23... Bb7 24. Ra7 ({It can be
dangerous for White to win the pawn.} 24. Bh3 Ra8 25. Bxe6+ Ke8 26. Re1 Bb4 27.
Re2 Kd8 28. Bf5 Kc7 $44 {Black's pawns on the queenside are too dangerous.})
24... Rb8 25. Be4 (25. Bh3 $2 e5 $1 26. dxe5 Bc5 27. Ra1 Bd4 28. e6+ Ke7 {
and White is in trouble.}) 25... Kf6 26. Ng6 c5 $1 $11 {This leads to a draw.}
27. Rxb7 Rxb7 28. Bxb7 Kxg6 29. dxc5 Bxc5 30. Ba6 Bd4 31. Bxb5 Bxb2 32. Bxc4 e5
33. f3 Kf6 34. Kg2 Bc1 35. Bd3 Bb2 36. Bc4 Bc1 37. Bd3 Bb2 38. Bc4 1/2-1/2

[Event "Gashimov Memorial 2nd"]
[Site "Shamkir"]
[Date "2015.04.21"]
[Round "5"]
[White "Mamedyarov, Shakhriyar"]
[Black "Kramnik, Vladimir"]
[Result "1-0"]
[WhiteElo "2756"]
[BlackElo "2783"]
[Annotator "Krasenkow,M"]
[PlyCount "151"]
[EventDate "2015.04.17"]
[EventType "tourn"]
[EventRounds "9"]
[EventCountry "AZE"]
[EventCategory "21"]
[SourceTitle "CBM 166"]
[Source "ChessBase"]
[SourceDate "2015.05.11"]
[SourceVersion "1"]
[SourceVersionDate "2015.05.11"]
[SourceQuality "1"]

1. d4 d5 2. c4 e6 3. Nc3 Nf6 4. Nf3 c5 5. cxd5 Nxd5 6. e4 Nxc3 7. bxc3 cxd4 8.
cxd4 Bb4+ 9. Bd2 Bxd2+ 10. Qxd2 O-O 11. Rc1 b6 12. Bd3 Bb7 13. O-O {This
system was examined in CBM 136, annotations to Alekseev - Macieja. Some
evaluations should be corrected, however. Here I mostly quote the newest games.
} h6 {According to Levon Aronian - the main move, although it has been rarely
seen in practice. It is useful, and Black waits for White's action to choose
the place for his knight (c6 or d7).} (13... Nd7 {is a bit too passive.
White's best reply is} 14. Qe3 $1 {strengthening the centre} (14. Qf4 {is less
dangerous for Black. The most recent example:} Nf6 15. h4 Rc8 16. e5 Nh5 17.
Qg4 Bxf3 18. Qxf3 Qxh4 19. Rxc8 Rxc8 20. d5 Qg5 21. Qe4 g6 22. d6 Nf4 23. Ba6
Qg4 24. Re1 Rc2 $132 {1/2 (36) Vovk,Y (2588)-Hammer,J (2651) Fagernes 2015})
14... Nf6 (14... h6 15. e5 Rc8 16. Nd2 Qg5 {1/2 (41) Goganov,A (2569)-Socko,B 
(2654) Yerevan 2014} 17. Qxg5 hxg5 18. Nc4 $36) (14... Rc8 15. e5 Bxf3 16. Qxf3
Qh4 17. Qe3 Rfd8 18. f4 Nf8 19. Rxc8 Rxc8 20. f5 $14 {1-0 (52) Aronian,L (2809)
-Kramnik,V (2801) Paris/St Petersburg 2013 CBM 154 [Aronian,L]}) 15. Ne5 {
[%cal Yf2f3]} Rc8 16. Rxc8 Qxc8 17. Rc1 Qb8 18. f3 Rc8 19. Bb5 Rc7 20. Qa3 $14
h6 21. h3 Qc8 $2 22. Rxc7 Qxc7 23. Qxa7 Qc1+ 24. Bf1 Qe3+ 25. Kh2 $16 {1-0 (37)
Gharamian,T (2655)-Saric,A (2565) Biel 2013}) (13... Nc6 {(logical once the
d4-pawn is underprotected)} 14. d5 $1 {now quiet play is harmless, e.g.} (14.
Bb1 Qd6 15. e5 Qd7 16. Qf4 Ne7 17. Ng5 Nf5 18. Rcd1 h6 19. Ne4 Qd5 20. g4 Ne7
21. f3 Ng6 22. Qg3 Qd8 {1/2 (22) Swapnil,S (2445)-Grigoryan,A (2581) Albena
2012}) (14. Qe3 Rc8 15. Rfd1 Qe7 16. Bb1 Rfd8 17. a3 Na5 18. Ba2 Rxc1 19. Rxc1
Rc8 20. Rxc8+ {1/2 (20) Sumets,A (2628)-Kveinys,A (2530) Cappelle la Grande
2014}) 14... exd5 (14... Na5 15. dxe6 fxe6 16. Qe3 $1 (16. Ng5 Qe7 17. e5 h6
18. Ne4 Bxe4 19. Bxe4 Rad8 20. Qe2 Nb7 21. Rc3 Nc5 22. Bb1 Rd4 23. Rg3 g5 24.
Rg4 Rxg4 25. Qxg4 Qg7 26. Qe2 Nd7 27. Re1 Rc8 28. Qa6 Rc7 $11 {1/2 (58)
Onischuk,A (2674)-Hansen,E (2447) Richardson 2011}) 16... Qe7 17. Be2 Rac8 18.
Nd4 Rxc1 19. Rxc1 Rc8 20. Rxc8+ Bxc8 21. Qc3 Qc5 22. Qxc5 bxc5 23. Nb5 $14 {
1-0 (54) Sargissian,G (2671)-Rakhmanov,A (2602) Khanty-Mansiysk 2013}) 15. exd5
Ne7 $1 (15... Na5 16. d6 $1 Bxf3 17. gxf3 Nb7 18. Be4 Rb8 19. Rc6 Nc5 20. Rc7
Qf6 21. Rxa7 Rbd8 22. d7 Qe6 23. Rd1 Nxe4 24. fxe4 Qg4+ 25. Kf1 Qxe4 26. Qd5
Qxd5 27. Rxd5 $14 {1/2 (41) Matlakov,M (2689)-Kveinys,A (2547) Saint Quentin
2014}) 16. d6 Nd5 17. Ng5 $1 h6 $1 (17... Nf6 18. Bc4 Rc8 19. Rfe1 Rc7 20. Qd3
Rd7 21. Qb3 $16 {1-0 (54) Swiercz,D (2631)-Melia,S (2453) Yerevan 2014}) 18.
Ne4 Rc8 19. Bc4 (19. Bb5 $5) 19... Nf6 20. Nxf6+ Qxf6 21. Bd5 Ba6 22. Rxc8 Rxc8
23. Rd1 Bb5 24. g3 Bd7 25. Re1 Re8 $11 {1/2 (37) Espinosa Veloz,E (2494)
-Martinez Romero,M (2408) La Libertad 2015}) 14. Qe3 {Here are two
correspondence games with 13...h6:} (14. Rfd1 Nd7 15. Qe3 Rc8 16. e5 Rxc1 17.
Rxc1 {(so White has lost a tempo)} Nb8 18. Be4 Qd7 19. Bxb7 Qxb7 20. Qc3 Na6
21. Nd2 Qd5 22. g3 Rd8 23. Nb3 Qb5 $11 {1/2 (32) Simal Moreira,L (2194)
-Daurelle,H (2261) Lechenicher SchachServer 2011}) (14. Rfe1 Nc6 15. Bb1 Rc8
16. Qd3 Na5 17. h4 Qf6 18. d5 (18. e5 Qg6 $1) 18... Rxc1 19. Rxc1 Qb2 20. Rc7
Rc8 21. Rxc8+ Bxc8 22. d6 e5 23. Nxe5 Qxe5 24. d7 Bxd7 25. Qxd7 Qa1 26. Qc8+
Kh7 27. Qf5+ Kg8 28. e5 Qc3 $14 {/= 1/2 (39) Wimmer,J (2148)-Bubnov,V (2110)
Lechenicher SchachServer 2010}) 14... Nc6 {White can't play d4-d5 so this move
is appropriate.} 15. Rfd1 Rc8 16. h4 $5 {[%mdl 32] It is useful to advance
this pawn to h5, both to enable threats along the b1-h7 diagonal and to get a
"qualitative pawn advantage" in a future endgame.} (16. d5 exd5 17. exd5 Nb4
$11) 16... Ne7 17. h5 Qd6 18. d5 $5 {This break doesn't look dangerous now.}
Rxc1 19. Rxc1 Rc8 20. Re1 Rc3 21. Qd2 Rc5 22. Bb1 Kf8 {Anticipating a possible
queen invasion on h7.} 23. Qd3 Rc8 24. a3 e5 {Hardly a good idea. Black's
pieces are not properly placed to safely blockade the d5-pawn (his knight
should be on d6 and not queen!); moreover, his bishop and knight are now
extremely passive. Still, Black's position remains solid.} (24... Rd8 $11 {
was simple and good}) 25. Qb3 Rc5 26. Qb2 f6 27. Ba2 Bc8 28. Nd2 Bg4 29. Nc4
Qd7 30. d6 Nc6 (30... Nc8 31. f4 $13) 31. Nxb6 axb6 $2 {[%mdl 64]} (31... Qxd6
$1 32. Na4 (32. Qb3 Be6 33. Qxe6 Qxe6 34. Bxe6 axb6 $11) 32... Ra5 33. Qb3 Be6
34. Qxe6 Qxe6 35. Bxe6 Rxa4 $11) 32. Qb3 Be6 33. Qxe6 Qxe6 34. Bxe6 {[%mdl
4096]} Nd4 35. Bg4 {White has kept an extra (and strong passed) pawn. The
activity of Black's pieces can't compensate that.} Rc6 36. d7 Ke7 37. Rb1 Rd6
38. Kh2 b5 39. a4 bxa4 40. Rb8 f5 41. exf5 Nc6 42. Ra8 a3 43. Rxa3 Nb8 44. f6+
$1 {[%mdl 512] A typical deblockading pawn sacrifice.} gxf6 45. Ra7 $6 (45.
d8=Q+ $5 {was probably even stronger as after} Rxd8 (45... Kxd8 46. Ra8 Rb6 47.
Ra7) 46. Ra7+ Nd7 {Black's rook is completely passive.}) 45... Nxd7 {[%csl Rh6]
Black has recaptured the pawn but his position remains difficult, mostly due
to his weak h6-pawn.} 46. Bf5 Ke8 47. g3 Rd2 48. Kg2 Nc5 $6 {Passive defense
was more appropriate here:} (48... Nf8) 49. Bg6+ (49. Rh7 $6 e4 {[%cal Rc5d3]})
(49. Kf3 $5 e4+ $140 50. Ke3 Rd3+ 51. Ke2) 49... Kd8 50. Ra5 Ne6 51. Ra8+ Ke7
$2 {It was hardly possible to find the best chance:} (51... Kc7 $1 52. Rh8 Ng5
$1 53. Rxh6 e4 54. Kf1 Rd8 55. Bf5 Kd6 $1 {, and Black fights on.}) 52. Re8+ $1
Kd6 ({Here after} 52... Kd7 53. Rh8 Ng5 54. Rxh6 e4 55. Kf1 Ra2 56. Rh8 {
White's h-pawn gets a free way forward. A further possible course:} Nf3 57. h6
$1 Ra1+ 58. Kg2 Rg1+ 59. Kh3 Rh1+ 60. Kg4 Ne5+ 61. Kf5 e3 $1 62. fxe3 $1 Rf1+
63. Ke4 Nxg6 64. Rg8 $1 {regaining the knight and keeping two extra pawns.})
53. Rh8 Nc5 54. Rd8+ (54. Rxh6 e4 55. Kf1 {was quite possible; however, White
wants to prevent all kinds of counterplay.}) 54... Nd7 55. Kf3 Ke7 56. Re8+ Kd6
57. Bf5 e4+ 58. Ke3 $1 Rd3+ 59. Kxe4 Nc5+ 60. Kf4 Rd4+ 61. Kf3 Rb4 62. Rh8 Ke5
63. Bg6 Ne6 64. Rxh6 {White has comfortably captured a second pawn. The rest
is easy.} f5 65. Rh8 Kf6 66. Ra8 Rb3+ 67. Kg2 f4 68. g4 Kg5 69. Bf7 Kh4 70.
Bxe6 f3+ 71. Kh2 Rb2 72. Ra3 Rxf2+ 73. Kg1 Re2 74. Bd5 f2+ 75. Kf1 Rd2 76. Bf3
1-0

[Event "Gashimov Memorial 2nd"]
[Site "Shamkir"]
[Date "2015.04.25"]
[Round "8"]
[White "Kramnik, Vladimir"]
[Black "Vachier Lagrave, Maxime"]
[Result "1-0"]
[WhiteElo "2783"]
[BlackElo "2765"]
[Annotator "Mokal,P"]
[PlyCount "75"]
[EventDate "2015.04.17"]
[EventType "tourn"]
[EventRounds "9"]
[EventCountry "AZE"]
[EventCategory "21"]
[SourceTitle "CBM 166"]
[Source "ChessBase"]
[SourceDate "2015.05.11"]
[SourceVersion "1"]
[SourceVersionDate "2015.05.11"]
[SourceQuality "1"]

{Kramnik comes back after three losses in a row.} 1. Nf3 Nf6 2. g3 d5 3. Bg2 c6
4. O-O Bg4 5. d3 Nbd7 6. h3 Bh5 7. Qe1 e5 8. e4 dxe4 9. dxe4 Bc5 10. a4 O-O 11.
Nh4 {Technically a novelty but similar moves have been played before by
different move orders.} ({One such game saw} 11. Na3 Re8 12. Nc4 Qc7 13. Nh4
Rad8 14. Bg5 (14. b4 $5) 14... Bf8 15. Kh1 Nc5 16. Bxf6 gxf6 17. Nf5 Ne6 18. c3
Rd3 19. f3 Red8 20. Qe2 Bg6 21. Nfe3 h5 22. h4 Bh6 {1/2-1/2 Goldin,A (2549)
-Gerzhoy,L (2469)/Nassau 2012/EXT 2014 (42). Black's active pieces compensated
for the structural defects.}) 11... Re8 12. Na3 Nf8 (12... a5 $5 13. Nc4 Qc7 {
Now one method of development would be} 14. Bd2 b6 15. Bc3 $14 {with a slight
pull.}) 13. b4 Be7 14. Nf5 Ne6 15. Nxe7+ $5 Qxe7 16. Be3 {^^} Bg6 {Black could
have delayed this move and continued improving the Rs and Ns.} (16... Red8 $142
17. c3 (17. g4 Bg6 {is fine for Black.}) 17... c5 18. b5 Rac8 19. f3 (19. Nc4
Nd4 $1 $132) 19... Ne8 20. Nc4 f6 21. Rf2 (21. f4 exf4 22. gxf4 Nd4 $1 $132)
21... Nd6 22. Nxd6 Rxd6 {With good chances of equalising.}) 17. f3 {Supporting
the e4-pawn and at the same time making life difficult for the Black B on g6.
Now Black is in a strategic dilemma. He needs to remove the N from f6 and then
move the f7-pawn, in order to get the B on g6 into play via f7. But where to?
Each move has its own drawback.} Nd7 {[%csl Rd7][%cal Rd8d6] This gets in the
way of the R that wants to be on d8. So Black has problems with the d6-square.}
(17... Nh5 {[%csl Rh5] keeps the N on the rim, and as we have heard quite
often, it is actually dim.} 18. c3 f6 19. Kh2 Red8 20. Qe2 Bf7 21. a5 $14) (
17... Red8 {[%cal Ge6d4,Gf6e8] /\Nd4} 18. c3 Ne8 19. Nc4 f6 20. f4 $14 {
[%csl Re8] and now the N on e8 is passive on the last rank.}) 18. Nc4 f5 $6 {
This freeing move has a tactical flaw, which Kramnik spots quite easily.} (
18... f6 19. Rd1 Red8 (19... Bf7 20. Nd6 $16) 20. Rf2 $14 {[%cal Gf2d2]}) 19.
Rd1 f4 (19... Nd4 20. Bxd4 exd4 21. Rxd4 $16 {is just a pawn up.}) (19... fxe4
20. fxe4 $16 {[%cal Gc4d6]}) 20. Rxd7 $1 Qxd7 21. Nxe5 Qc7 22. gxf4 Nxf4 $6 (
22... c5 $142 23. bxc5 (23. f5 $5 Qxe5 24. f4 Qf6 25. fxg6 hxg6 26. bxc5 $16)
23... Nxc5 24. Qc3 Rac8 25. Rb1 {[%csl Rb7]} Re7 (25... Nxa4 26. Qb3+ $18) (
25... Bf7 26. Qxc5 Qxc5 27. Bxc5 Rxc5 28. Rxb7 $16) 26. a5 Bf7 27. Bf1 $16 {
White is better but Black has more fighting chances than in the game.}) 23.
Bxf4 Rxe5 {[%cal Gc7b6,Gb6g1]} 24. Qe3 Rd8 $2 {Giving up a second pawn brings
no respite.} (24... a5 $142 25. bxa5 Raxa5 26. Qd4 $16) 25. Qxa7 Qe7 26. Bxe5
Qxe5 27. Qe3 {Kramnik refuses to take the third pawn. Of course two extra
pawns are easily enough for him to win, but the cautious approach can be
attributed to some obvious psychological reasons. After three losses in a row,
it is not easy to have complete faith in one's nerves.} ({Objectively though
it is hard to find a serious reason to refuse the offer.} 27. Qxb7 Rd2 (27...
Rb8 28. Qxc6 Rxb4 29. f4 $18) (27... Bf7 28. Qb6 Rd2 (28... Rb8 29. Qc5 Qxc5+
30. bxc5 $18) 29. f4 Qe7 30. Rf2 $18) 28. Qc8+ Kf7 29. Kh1 {With Black's B
being unable to join the attack White does not seem to have anything to worry
about.} Rxc2 30. b5 Qd4 (30... Qg3 31. Rg1 $18) (30... Bh5 31. b6 $18) 31. Qc7+
Kf8 32. b6 $18) 27... Qb2 28. Qc5 h6 29. b5 cxb5 30. Qb6 Rd2 $2 (30... Qd4+
$142 31. Qxd4 Rxd4 32. axb5 Rb4 $16 {Black would win back one pawn and at
least provide some resistance.}) 31. Qxg6 bxa4 32. h4 Qd4+ (32... a3 33. Bh3 a2
34. Qe8+ Kh7 35. Bf5+ $18) 33. Kh1 Qd8 34. Bh3 Qxh4 35. Qe6+ Kh8 36. Rg1 {
[%csl Rg7][%cal Ge6e8,Ge8g6,Gg6g7] /\Qe8-g6-g7#} g5 37. Qc8+ Kg7 38. Rb1 (38.
Rb1 Qg3 39. Rxb7+ Kg6 40. Qe8+ Kf6 41. Qe6#) 1-0

[Event "RUS-chT"]
[Site "Sochi"]
[Date "2015.05.05"]
[Round "5.1"]
[White "Wojtaszek, Radoslaw"]
[Black "Kramnik, Vladimir"]
[Result "1/2-1/2"]
[WhiteElo "2737"]
[BlackElo "2783"]
[Annotator "Schulz,Andre"]
[PlyCount "109"]
[EventDate "2015.05.01"]
[EventType "team-tourn"]
[EventRounds "7"]
[EventCountry "RUS"]
[SourceTitle "CBM 167"]
[Source "ChessBase"]
[SourceDate "2015.07.13"]
[SourceVersion "1"]
[SourceVersionDate "2015.07.13"]
[SourceQuality "1"]
[WhiteTeam "Belorechensk Univ"]
[BlackTeam "Novosibirsk Sibir"]
[WhiteTeamCountry "RUS"]
[BlackTeamCountry "RUS"]

1. d4 Nf6 2. c4 e6 3. Nf3 d5 4. Nc3 Nbd7 5. Bg5 h6 6. Bh4 Be7 7. e3 O-O 8. Rc1
c5 (8... c6 {führt zum alten Orthodoxen Damengambit.}) 9. dxc5 (9. cxd5 Nxd5
10. Bxe7 Nxe7 11. Be2 b6 12. O-O Bb7 13. dxc5 Nxc5 14. Nd4 Nf5 15. Nxf5 exf5
16. Bf3 Qxd1 17. Rfxd1 Bxf3 18. gxf3 Rfd8 19. Kf1 g6 20. Ke2 Kg7 21. Nb5 Kf6
22. Rxd8 Rxd8 23. b4 Ne6 24. Rc6 Ke7 25. a3 Rd7 26. Rc8 a6 27. Nc3 b5 28. Ra8
Rd6 29. Rh8 g5 30. Ra8 Kf6 31. Ra7 Kg6 32. Na2 Nd8 33. Ke1 Kh5 34. Nc1 Kh4 35.
Nb3 Kh3 36. Nd4 f4 37. Ra8 Kxh2 38. Nf5 Rf6 39. e4 Nc6 40. Rxa6 Rg6 41. Kf1 Ne5
42. Ra5 Nxf3 43. Rxb5 g4 44. Rd5 h5 45. Ng3 h4 46. Ne2 g3 47. fxg3 fxg3 48. b5
Rf6 49. Rf5 Rxf5 50. exf5 g2+ 51. Kf2 Nd4 52. Ng1 Nxb5 53. a4 Nc3 54. Nf3+ Kh1
55. a5 h3 {0-1 (55) Salem,A (2586)-Kramnik,V (2760) Doha 2014}) 9... Nxc5 (9...
dxc4 10. Bxc4 Nxc5 11. O-O a6 12. Nd4 Nfe4 13. Bxe7 Qxe7 14. Nxe4 Nxe4 15. Qd3
Nf6 16. Rfd1 Bd7 17. Nf3 Ba4 18. Bb3 {1/2-1/2 (18) Sargissian,G (2668)
-Sethuraman,S (2623) Tsaghkadzor 2015}) 10. cxd5 g5 11. Bg3 Nxd5 12. Nxd5 Qxd5
13. Qxd5 exd5 14. Be5 (14. Be2 Ne4 15. Nd4 Bb4+ 16. Kd1 Re8 17. Nb5 Rd8 18. f3
Nxg3 19. hxg3 Kg7 20. a3 Ba5 21. Nd4 Bd7 22. g4 Bb6 23. Bd3 Re8 24. Kd2 Re7 25.
Rce1 Rae8 26. b3 a5 27. b4 axb4 28. axb4 Bxd4 29. exd4 Rxe1 30. Rxe1 Rxe1 31.
Kxe1 b6 {1/2-1/2 (31) Metelmann,K (2294)-Ginzborsky,L (2275) ICCF email 2008})
14... Bf5 15. Be2 Rac8 {Schwarz hat bequemen Ausgleich erlangt.} 16. O-O Bd3
17. Rce1 (17. Rfe1 Bxe2 18. Rxe2 Nd3) 17... Be4 18. Rd1 a6 19. Bd4 Ne6 20. Bc3
b5 (20... Nc5 $5 {mit der Idee} 21. Z0 Na4) 21. Rc1 b4 22. Be5 f6 23. Bg3 (23.
Nd4 $5 Nxd4 24. Bxd4 a5 25. f3 Bf5 26. Bb5 $14) 23... a5 24. Bb5 Kf7 25. Nd4
Nc5 $2 (25... Nxd4 26. exd4 h5 27. f3 Bf5 $11) 26. f3 Bg6 {Der Läufer steht
hier für den Kampf am Damenflügel etwas abseits.} 27. Rfd1 (27. Nc6 $2 Bd3
$11) 27... h5 28. Nc6 h4 29. Bf2 Ne6 30. Rxd5 Rc7 31. e4 $18 {Diagramm [#]
Weiß hat einen Bauern gewonnen bei anhaltender Initiative. Die schwarzen
Damenflügelbauern stehen nun unter Beschuss.} Ra8 (31... Rb8 32. Be3 $18) 32.
Rc4 (32. Rcd1 $5) 32... Kg8 (32... Nf4 $5 {war vielleicht zäher:} 33. Ne5+
fxe5 34. Rxc7 Nxd5 35. exd5 Kf8 36. Bc6 Rb8 37. Ba7 Rd8 38. Kf2 $18) 33. Bb6
Rb7 34. Bxa5 (34. Nxe7+ $5 Rxe7 35. Bc6 Ra6 36. Bxa5 Bf7 37. Bxb4 Rea7 38. Rd6
Rxa2 (38... Nf4 39. Rc2 Bxa2 40. Bc3 $18) 39. Rc2 $18) 34... Bf8 35. Nd8 $2 {
Diese Abwicklung bringt Weiß wenig ein.} (35. Ba4 $18) 35... Rxb5 ({Am
einfachsten war} 35... Nxd8 36. Bxd8 Rxb5 37. Rxb5 Rxd8 $11) 36. Rxb5 Nxd8 37.
Bxb4 Bf7 38. Rc1 Ne6 (38... Rxa2 39. Rc8 Ra1+ 40. Kf2 Rd1 $16) 39. Rd1 (39. Ra5
Rd8 $16) 39... Bxb4 40. Rxb4 Rxa2 41. Rd7 (41. Rb7 Nc5 42. Rb5 Ne6 43. Kf2 $16)
41... Nc5 42. Rd6 Kg7 43. Rb5 $14 Ne6 (43... Ra1+ 44. Kf2 Rc1 $15) 44. Rb7 Kg6
45. g3 Ra1+ 46. Kg2 Rc1 47. Rd2 (47. Rbb6 Rc2+ 48. Kh3 Rf2 49. Rxe6 Bxe6+ 50.
Rxe6 Kf7 51. Rc6 Rxf3 $14) 47... Nc5 48. Re7 hxg3 49. hxg3 Rc4 50. e5 g4 51.
exf6 gxf3+ 52. Kxf3 Kxf6 53. Re3 Bh5+ 54. Kg2 Ne4 55. b3 1/2-1/2